000 00565cam a22002053a 4500
001 41622
003 PGUSA
005 20140828083935.0
008 121214s2012||||xxu|||||s|||||000 | eng d
040 _aPGUSA
_beng
042 _adc
100 1 _aBradbury, Ray
245 1 0 _aFuturia Fantasia, Summer 1939
_h[electronic resource] /
_cRay Bradbury
260 _bProject Gutenberg,
_c2012
506 _aPublic domain in the USA.
516 _aElectronic text
830 0 _aProject Gutenberg
_v41622
856 4 0 _uhttp://www.gutenberg.org/ebooks/41622
942 _cEB
999 _c270874
_d270874